MLB All-Time Batting Stat Leaders - Statistics

General Stats
  • This quiz has been taken 25 times
  • The average score is 48 of 80
Answer Stats
STAT Player % Correct
4256 Pete Rose
96%
2165 Pete Rose
96%
1.164 Babe Ruth
92%
714 Babe Ruth
92%
2213 Babe Ruth
92%
2174 Babe Ruth
92%
1.051 Barry Bonds
92%
762 Barry Bonds
92%
1996 Barry Bonds
92%
2227 Barry Bonds
92%
2558 Barry Bonds
92%
3771 Hank Aaron
92%
755 Hank Aaron
92%
2297 Hank Aaron
92%
2174 Hank Aaron
92%
1.116 Ted Williams
92%
2019 Ted Williams
92%
3384 Albert Pujols
83%
703 Albert Pujols
83%
2218 Albert Pujols
83%
696 Alex Rodriguez
79%
1086 Alex Rodriguez
79%
2021 Alex Rodriguez
79%
2062 Babe Ruth
79%
2295 Rickey Henderson
79%
2190 Rickey Henderson
79%
1406 Rickey Henderson
79%
609 Sammy Sosa
79%
4191 Ty Cobb
79%
.367 Ty Cobb
79%
1938 Ty Cobb
79%
2246 Ty Cobb
79%
892 Ty Cobb
79%
3465 Derek Jeter
75%
1923 Derek Jeter
75%
1.079 Lou Gehrig
75%
1995 Lou Gehrig
75%
3630 Stan Musial
71%
1951 Stan Musial
71%
1949 Stan Musial
71%
660 Willie Mays
71%
2068 Willie Mays
71%
1733 Mickey Mantle
67%
3430 Honus Wagner
63%
722 Honus Wagner
63%
612 Jim Thome
63%
1747 Jim Thome
63%
3419 Carl Yastrzemski
58%
1845 Carl Yastrzemski
58%
1.037 Jimmie Foxx
58%
1922 Jimmie Foxx
58%
630 Ken Griffey Jr.
58%
.358 Rogers Hornsby
58%
586 Frank Robinson
50%
938 Lou Brock
46%
3515 Tristram Speaker
46%
1667 Frank Thomas
38%
1708 Mel Ott
38%
3319 Paul Molitor
38%
1865 Joe Morgan
33%
.352 Jud Wilson
33%
808 Tim Raines
33%
752 Vince Coleman
33%
745 Eddie Collins
29%
.371 Josh Gibson
29%
1.176 Josh Gibson
29%
912 Billy Hamilton
21%
1917 Eddie Murray
21%
.346 Ed Delahanty
13%
738 Max Carey
13%
.363 Oscar Charleston
13%
1.062 Oscar Charleston
13%
739 Arlie Latham
8%
.348 Turkey Stearnes
8%
1.034 Turkey Stearnes
8%
.345 Buck Leonard
4%
1.041 Buck Leonard
4%
.350 Dobie Moore
4%
.348 John Beckwith
4%
1.026 Mule Suttles
4%
No matching quizzes found
Score Distribution
Percent of People with Each Score
Percentile by Number Answered
Your Score History
You have not taken this quiz